000 00579nmm a2200193Ia 4500
008 251105s9999||||xx |||||||||||||||||und||
020 _a9789681646592
041 _aspa
100 _aElster, Jon
245 0 _aUlises y las sirena :
_b Estudios sobre racionalidad e irracionalidad
264 _a[México D.C., Mexico] :
_bFondo de Cultura Económica,
_c2015
300 _a327 páginas
490 _aBreviarios
650 _aPsychology
700 _aElster, Jon
700 1 _a Utrilla, Juan José
856 _uhttps://public.digitaliapublishing.com/a/43656
942 _cCF
999 _c65038
_d65038